000
00304nam a2200121Ia 4500
008
190216s9999||||xx |||||||||||||| ||und||
100
_a
William E Conley
245
0
_a
Basic Of Beginners
260
_b
Galgotia Pub
_c
1990
300
_a
162p
650
_a
"Computer Programming. Programs, Data"
942
_c
BK
999
_c
8492
_d
8492